000 00252 a2200133 4500
001 60044
020 _a8515012588
040 _cAnchieta - Pituba
240 1 0 _aA bíblia
_lEsp
245 1 0 _aA bíblia
300 _a
650 4 _aBíblia
942 _cBK
999 _c60044
_d60044